[Event "16th Spilimbergo Open 2018"]
[Site "Spilimbergo"]
[Date "2018.08.14"]
[Round "7.3"]
[White "Bosiocic, Marin"]
[Black "Rombaldoni, Denis"]
[Result "1-0"]
[WhiteElo "2590"]
[BlackElo "2508"]
[Annotator "TA"]
[PlyCount "93"]
[EventDate "2018.08.10"]
[EventType "swiss"]
[EventCountry "ITA"]
[SourceTitle "playchess.com"]
[Source "ChessBase"]
[SourceQuality "1"]

{[%evp 14,93,22,22,52,30,38,14,19,19,17,17,25,8,19,10,39,37,47,0,27,30,35,33,25,26,29,35,23,25,87,50,32,18,18,11,40,32,148,122,121,126,119,78,121,99,141,139,156,164,241,235,300,204,257,222,357,365,359,350,534,485,595,590,653,620,681,656,635,431,677,662,997,980,29983,29984,29984,29985,29985,29986,29986,29984]} 1. e4 c6 2. d4 d5 3. e5 Bf5 4. Nf3 e6 5. Be2 Nd7 6. O-O h6 7. Nbd2 Ne7 {B12: Caro-Kann: Advance Variation} 8. c3 {LiveBook: 112 Games} Nc8 9. Ne1 c5 $146 {White has an edge.} ({Predecessor:} 9... Be7 10. Bd3 Bxd3 11. Nxd3 Ncb6 12. Qg4 g6 13. Nf3 Qc7 14. a4 a6 15. b3 {1-0 (63) Harikrishna,P (2737)-Swiercz,D (2620) Berlin 2015}) 10. Bd3 {next Bxf5 is good for White.} Bxd3 11. Nxd3 cxd4 12. cxd4 Qb6 13. Nb3 {[%cal Bd2b3,Bb3c1,Bc1e2,Be2g3][%mdl 32]} a5 14. Be3 a4 15. Nbc1 Ne7 16. g4 h5 17. gxh5 Nf5 18. Ne2 Rxh5 19. Ng3 Nxe3 20. fxe3 Rh6 21. Rc1 $36 {[%mdl 2048] White is pushing.} f5 (21... g6 $11 {remains equal.}) 22. Nf4 g6 23. Rc2 Be7 24. Kh1 Bg5 25. Qf3 Ke7 ({Black should play} 25... Nf8 $14) 26. Rg1 {Hoping for Nxf5+!} Bxf4 27. Qxf4 Rah8 28. Rgg2 Kf7 29. Qg5 Qb4 {[#]} 30. Ne2 $1 Qa5 31. Rc3 a3 (31... Qd8 {was worth a try.} 32. Qxd8 Rxd8) 32. bxa3 $18 Qb6 33. Rc2 Qa5 34. Ng1 Qb6 (34... Qd8 $142 35. Qxd8 Rxd8) 35. a4 Qa5 36. Nf3 Qb6 (36... Qd8 {keeps fighting.} 37. Qxd8 Rxd8) 37. Rc1 Qa5 38. Rb2 Rh5 39. Qg2 b6 40. Rbc2 Qxa4 41. Rc6 Qb5 {[#]} (41... Nf8 $142 42. Rxb6 Kg7 43. Rc7+ Kg8) 42. a4 $1 {[%mdl 512]} Qxa4 43. Ng5+ Kg8 44. Rc8+ {White mates.} Kg7 45. Nxe6+ Kf7 46. Rxh8 Rxh8 47. Qxd5 {Precision: White = 64%, Black = 35%.} 1-0

[Event "16th Spilimbergo Open 2018"]
[Site "Spilimbergo"]
[Date "2018.08.14"]
[Round "7.4"]
[White "Karthik, Venkataraman"]
[Black "Basso, Pier Luigi"]
[Result "1/2-1/2"]
[WhiteElo "2502"]
[BlackElo "2494"]
[Annotator "TA"]
[PlyCount "41"]
[EventDate "2018.08.10"]
[EventType "swiss"]
[EventCountry "ITA"]
[SourceTitle "playchess.com"]
[Source "ChessBase"]
[SourceQuality "1"]

{[%evp 21,41,0,12,34,29,10,16,9,17,0,11,0,0,0,0,0,0,-8,12,0,0,0]} 1. Nf3 d5 2. g3 Nf6 3. Bg2 e6 4. O-O Be7 5. c4 O-O 6. b3 c5 7. cxd5 Nxd5 8. Bb2 b6 9. d4 Bb7 10. dxc5 Bxc5 11. Nbd2 {A14: English Opening: 1...e6 with b3 by White} Nd7 {LiveBook: 4 Games} 12. Rc1 $146 ({Predecessor:} 12. a3 Rc8 13. Rc1 Be7 14. e4 Rxc1 15. Qxc1 N5f6 16. e5 Nd5 17. Nc4 Qb8 18. Qd2 Rd8 {0-1 (67) Gelfand,B (2743)-Aronian,L (2795) Moscow 2016}) 12... N5f6 13. Ng5 {White has an edge.} Bxg2 {The position is equal.} 14. Kxg2 Be7 15. Nc4 Qb8 16. Nf3 Rd8 17. Qc2 Qb7 18. Rfd1 Rac8 19. Qb1 Qa6 20. Qa1 b5 21. Ne3 {Precision: White = 52%, Black = 44%.} 1/2-1/2

[Event "16th Spilimbergo Open 2018"]
[Site "Spilimbergo"]
[Date "2018.08.14"]
[Round "7.5"]
[White "Bacrot, Etienne"]
[Black "Sonis, Francesco"]
[Result "1-0"]
[WhiteElo "2699"]
[BlackElo "2468"]
[Annotator "TA"]
[PlyCount "103"]
[EventDate "2018.08.10"]
[EventType "swiss"]
[EventCountry "ITA"]
[SourceTitle "playchess.com"]
[Source "ChessBase"]
[SourceQuality "1"]

{[%evp 22,103,-13,-20,9,0,14,0,14,11,27,24,78,80,85,73,84,74,195,203,182,193,189,197,195,192,188,183,200,199,185,182,189,194,183,192,162,163,165,161,159,149,155,133,167,175,180,180,180,142,137,131,136,143,173,173,174,175,215,215,215,215,210,190,424,243,793,798,12268,11550,12793,6818,6250,5077,3226,2872,29967,29968,29968,29969,29972,29969,29970,29969]} 1. c4 Nf6 2. Nf3 e6 3. Nc3 Bb4 4. Qc2 O-O 5. a3 Bxc3 6. Qxc3 a5 7. b3 Nc6 8. e3 Re8 9. d4 d6 10. Be2 {E33: Nimzo-Indian: Classical: 4...Nc6} (10. Bb2 e5 11. dxe5 dxe5 12. Be2 Bg4 13. h3 Bh5 14. O-O Ne4 15. Qc2 Bg6 16. Rfd1 Qe7 17. Bd3 Nxf2 18. Kxf2 {0-1 (71) Indjic,A (2589)-Fedoseev,V (2684) Karlsruhe 2017}) 10... e5 11. d5 Ne7 12. Nd2 {LiveBook: 4 Games. The position is equal.} c6 13. dxc6 $146 ({Predecessor:} 13. e4 Ng6 14. O-O Nf4 15. Re1 Nxe2+ 16. Rxe2 cxd5 17. cxd5 b5 {0-1 (38) Cheng,X (2308)-Winants,L (2488) Cappelle-la-Grande 2002}) 13... Nxc6 14. Bb2 d5 15. cxd5 Nxd5 16. Qd3 e4 (16... Re7 $11 {remains equal.}) 17. Qb5 $16 Ne5 18. Nxe4 Nc7 19. Qb6 {Strongly threatening Rd1.} Nd3+ (19... Re6 $16 20. Qc5 b6) 20. Bxd3 $1 $18 Qxd3 {[#]} 21. Nf6+ $1 {[%mdl 512]} gxf6 22. Qxf6 {[%csl Gb2][%cal Rf6h8]} ({Worse is} 22. Qxc7 Rxe3+ 23. fxe3 Qxe3+ 24. Kf1 (24. Kd1 $2 Bg4+ 25. Kc2 Bf5+ 26. Kd1 Bg4+ 27. Kc2 Bf5+ 28. Kd1 Bg4+ $19) 24... Qd3+ 25. Kg1 (25. Ke1 Qe3+ 26. Kf1 Qd3+ 27. Kg1 Qe3+ 28. Kf1 $11) 25... Qe3+ 26. Kf1 Qd3+ 27. Kg1 (27. Ke1 Qe3+ 28. Kf1 $11) 27... Qe3+ 28. Kf1 $11) 22... Kf8 {Threatening ...Qg6.} 23. Qh6+ {[%mdl 1024] White has strong compensation.} Ke7 24. Bf6+ $1 Ke6 {aiming for ...Qg6.} 25. Rd1 Qf5 {[#]} 26. Be5+ $1 {[%mdl 512]} f6 (26... Kxe5 27. Qd6+) 27. Bxc7 Kf7 28. O-O Be6 29. b4 axb4 30. axb4 Rac8 31. Bg3 Rc4 32. Rc1 Rec8 33. Rxc4 Rxc4 34. Bd6 Rc8 35. Qf4 Qxf4 36. Bxf4 $16 {[%mdl 4096] Endgame KRB-KRB} Rc2 37. f3 Rb2 {[#]} 38. Bd6 $1 Ba2 39. Rd1 Rb1 40. Rxb1 Bxb1 $18 {KB-KB} 41. g4 Ke6 42. Bc5 Bg6 $2 (42... Bd3 {might work better.} 43. e4 Bb5) 43. e4 h5 $2 {[#]} (43... Be8 44. Bd4 Bb5) 44. h3 $1 {[%cal Bh2h3,Bh3g4][%mdl 32]} hxg4 45. hxg4 Be8 46. Kf2 Ba4 47. f4 {[%cal Bf3f4,Bf4f5][%mdl 32]} Bd1 48. f5+ Kf7 49. Kg3 {White mates.} Kg7 50. Kf4 Kf7 51. Bd4 Be2 52. e5 {Precision: White = 87%, Black = 33%.} 1-0

[Event "16th Spilimbergo Open 2018"]
[Site "Spilimbergo"]
[Date "2018.08.14"]
[Round "7.6"]
[White "Skoberne, Jure"]
[Black "Collutiis, Duilio"]
[Result "1-0"]
[WhiteElo "2575"]
[BlackElo "2415"]
[Annotator "TA"]
[PlyCount "87"]
[EventDate "2018.08.10"]
[EventType "swiss"]
[EventCountry "ITA"]
[SourceTitle "playchess.com"]
[Source "ChessBase"]
[SourceQuality "1"]

{[%evp 14,87,-2,6,15,28,32,29,27,23,19,13,1,0,0,0,0,0,18,0,0,-7,-7,-7,-7,-12,0,0,0,-9,0,-8,-16,-16,0,0,0,0,3,14,156,167,189,178,229,233,222,203,214,204,136,143,246,163,163,173,598,584,597,594,601,593,739,910,900,899,878,878,854,808,1123,1094,1456,1458,29962,12585]} 1. d4 Nf6 2. Nf3 e6 3. Bf4 c5 4. e3 d5 5. c3 Bd6 6. Ne5 {D02: Damenbauernspiele} O-O 7. Nd2 Nc6 8. Bd3 {LiveBook: 10 Partien. Die Stellung ist ausgeglichen.} (8. Nxc6 bxc6 9. dxc5 Bxc5 10. Bd3 Bd6 11. Bg5 h6 12. Bh4 a5 13. O-O Be7 14. e4 Ba6 15. Bxa6 Rxa6 {½-½ (54) Mamedyarov,S (2804)-Khachiyan,M (2522) chess.com INT 2018}) 8... Qe7 9. Qf3 Nd7 {[%cal Rd7e5]} 10. Qg3 $146 {Sxc6 ist eine echte Drohung.} ({Vorgänger:} 10. Qh3 g6 11. Nxc6 bxc6 12. Bh6 Re8 13. f4 cxd4 14. cxd4 Bb4 {0-1 (34) Horak,J (1595)-Skorepa,J (1838) Trebic 2014}) 10... Bb8 11. Ndf3 f6 12. Qh4 {[%csl Gd3][%cal Rh4h7]} g6 13. Nxd7 Bxd7 14. Bxb8 Raxb8 15. O-O Rbe8 16. Rfe1 Kg7 17. Qg3 e5 {Droht stark ...e4.} 18. e4 dxe4 19. Bxe4 cxd4 20. Bxc6 $1 Bxc6 {[#]} 21. Nxd4 $1 {[%cal Bf3d4,Bd4b3,Bb3a5][%mdl 544]} Bd7 (21... exd4 22. Rxe7+) 22. Qe3 b6 23. a4 {[%cal Ba2a4,Ba4a5,Ba5b6][%mdl 32]} a6 24. a5 Qd8 25. Nb3 Be6 26. c4 Bxc4 (26... bxa5 $11 27. Rec1 Rf7) 27. axb6 $16 Re6 {[#]} 28. Na5 $1 $36 {[%cal Ra5c4][%mdl 2048] Weiss hat starke Initiative.} Bd5 (28... Bb5 $142) 29. Red1 Rd6 30. Qc5 Rd7 31. Rac1 Rff7 32. h3 f5 (32... Bb7 $16 {war nötig.} 33. Rxd7 Rxd7) 33. Rd2 {Und weiter mit Tcd1 wäre nett.} Qg5 {[%csl Gd5][%cal Rg5g2]} 34. f4 $1 {[%cal Rf4g5]} exf4 $2 ({Nicht} 34... Qxf4 $2 35. Rcd1 $18) (34... Qg3) 35. Rxd5 $18 f3 {[%csl Gf3][%cal Rg5g2]} 36. Qd4+ $1 Kh6 {[%csl Gf3][%cal Rg5g2]} 37. Rc2 Rxd5 38. Qxd5 Qe3+ {[#]} 39. Kf1 $1 fxg2+ 40. Kxg2 Qg5+ 41. Kf1 Re7 42. b7 Qg3 43. Qd2+ g5 44. Rc3 {Precision: Weiß = 68%, Schwarz = 43%.} 1-0

[Event "16th Spilimbergo Open 2018"]
[Site "Spilimbergo"]
[Date "2018.08.14"]
[Round "7.7"]
[White "Krysa, Leandro Sergio"]
[Black "Santagati, Alessandro"]
[Result "1-0"]
[WhiteElo "2523"]
[BlackElo "2312"]
[Annotator "TA"]
[PlyCount "77"]
[EventDate "2018.08.10"]
[EventType "swiss"]
[EventCountry "ITA"]
[SourceTitle "playchess.com"]
[Source "ChessBase"]
[SourceQuality "1"]

{[%evp 20,77,30,30,25,14,61,22,54,64,92,72,162,145,185,134,142,127,137,116,160,145,147,163,202,149,196,157,158,151,164,163,160,140,167,160,258,254,260,258,312,323,332,319,341,313,314,305,344,318,362,306,295,302,466,454,467,429,541,534]} 1. d4 Nf6 2. c4 e6 3. Nf3 d5 4. Nc3 Bb4 5. cxd5 exd5 6. Bg5 O-O 7. Qc2 {D38: Damengambit (Ragosin-Verteidigung)} (7. e3 h6 8. Bh4 Bf5 9. Qb3 Bxc3+ 10. bxc3 Nbd7 11. Be2 c5 12. dxc5 g5 13. Nd4 Bg6 14. c6 bxc6 15. Nxc6 {½-½ (46) So,W (2792)-Karjakin,S (2753) Wijk aan Zee 2018}) 7... h6 8. Bh4 c6 9. e3 Re8 10. Bd3 Bd6 11. O-O {LiveBook: 3 Partien} Bg4 12. Nd2 Nbd7 (12... g5 $5 {[%cal Rg5h4]} 13. Bg3 Bxg3 14. hxg3 Qd6 $11) 13. Rae1 Nf8 $146 ({Vorgänger:} 13... Rc8 14. f3 Be6 15. f4 g5 16. fxg5 hxg5 17. Bxg5 Bxh2+ {½-½ (50) Simunek,J (2000)-Stika,V (1860) ICCF email 2003}) 14. f4 {[%cal Bf2f4,Bf4f5][%mdl 32]} Be6 15. Nf3 Rc8 (15... Bd7 $16) 16. f5 $18 Bd7 17. Bxf6 (17. e4 $18) 17... gxf6 $16 18. Qf2 Nh7 19. Qh4 Bf8 20. Qh5 Qb6 21. Re2 Re7 22. Ne1 {[%cal Bf3e1,Be1d3,Bd3f2,Bf2e4][%mdl 32]} Bg7 23. Rf3 Kh8 24. Rg3 Rg8 25. Bb1 Bf8 26. Rxg8+ Kxg8 27. Nd3 Ng5 {[#]} (27... Qc7 $16 28. Nf4 a5) 28. Nf2 $1 $18 Bg7 29. h4 Ne4 30. Bxe4 dxe4 31. Nfxe4 Qa5 32. Ng3 Kh7 33. Qg4 Re8 34. Qf4 Rg8 35. a3 c5 36. d5 Bb5 (36... Re8 {kämpft weiter.} 37. Nh5 Qb6) 37. Rd2 {Weiß steht klar auf Gewinn.} Bd7 38. Nh5 Bh8 39. Ne4 {Precision: Weiß = 78%, Schwarz = 49%.} 1-0

[Event "16th Spilimbergo Open 2018"]
[Site "Spilimbergo"]
[Date "2018.08.14"]
[Round "7.8"]
[White "Borgo, Giulio"]
[Black "Korpa, Bence"]
[Result "1/2-1/2"]
[WhiteElo "2400"]
[BlackElo "2506"]
[Annotator "TA"]
[PlyCount "87"]
[EventDate "2018.08.10"]
[EventType "swiss"]
[EventCountry "ITA"]
[SourceTitle "playchess.com"]
[Source "ChessBase"]
[SourceQuality "1"]

{[%evp 15,87,0,0,7,2,0,6,0,8,0,1,-6,-7,-7,-5,-29,-35,-20,0,-35,-37,-35,-33,-41,-22,-22,-24,-24,-25,-27,-3,-8,0,-2,3,0,0,-3,0,0,0,0,0,0,0,0,0,0,0,0,0,0,0,0,0,0,0,0,0,0,23,5,3,3,3,3,3,8,9,12,39,39,39,38]} 1. c4 c5 2. Nf3 Nf6 3. Nc3 d5 4. cxd5 Nxd5 5. Qa4+ Nc6 6. Ne5 {A34: Symmetrical English: 2 Nc3, lines with ...d5} Qc7 7. Nxc6 Nxc3 8. dxc3 Bd7 {LiveBook: 14 Games} 9. Bf4 $146 ({Predecessor:} 9. e4 Qxc6 10. Qxc6 Bxc6 11. f3 e6 12. Be3 O-O-O 13. a4 {½-½ (113) Wei,Y (2753)-Zhou,J (2597) Huocheng County 2017}) 9... Qxc6 10. Qxc6 Bxc6 11. f3 O-O-O 12. e4 e6 13. Be2 Bd6 14. Be3 f5 15. e5 Bxe5 16. Bxc5 Bf4 17. O-O b6 18. Bf2 Rd2 19. Bc4 Re8 20. Rfe1 e5 21. Re2 Rxe2 22. Bxe2 e4 23. fxe4 Bxe4 24. a4 Re6 25. Bf1 Bc7 26. a5 Rh6 27. h3 Rg6 28. axb6 axb6 29. Bd4 f4 30. Kf2 Bd8 31. Ra7 Bh4+ 32. Kg1 Bb7 33. Bf2 Bd8 34. Ba6 Bxa6 35. Rxa6 $11 {[%mdl 4096] Endgame KRB-KRB} f3 36. Ra8+ Kd7 37. g4 Bc7 38. Bd4 h5 39. Kf2 hxg4 40. hxg4 Rxg4 41. Kxf3 Rf4+ 42. Ke3 {[#] Bxb6! is the strong threat.} Rf7 43. Rg8 g5 44. Ke4 {Precision: White = 63%, Black = 67%.} 1/2-1/2

[Event "16th Spilimbergo Open 2018"]
[Site "Spilimbergo"]
[Date "2018.08.14"]
[Round "7.9"]
[White "Rahul, Srivatshav P"]
[Black "Godena, Michele"]
[Result "1/2-1/2"]
[WhiteElo "2388"]
[BlackElo "2502"]
[Annotator "TA"]
[PlyCount "65"]
[EventDate "2018.08.10"]
[EventType "swiss"]
[EventCountry "ITA"]
[SourceTitle "playchess.com"]
[Source "ChessBase"]
[SourceQuality "1"]

{[%evp 22,65,0,0,0,0,10,0,6,0,0,0,0,-11,-6,-13,-6,-20,-23,-24,-16,-14,-20,-28,0,0,0,0,0,0,0,0,1,1,5,4,20,19,20,21,21,0,0,0,0,0]} 1. d4 d5 2. c4 dxc4 3. e3 e5 4. Bxc4 exd4 5. exd4 Bd6 6. Nf3 Nf6 7. O-O O-O 8. h3 h6 9. Nc3 Nc6 {[%cal Bb8c6,Bc6a5,Ba5c4][%mdl 32]} 10. Qc2 {D20: Queen's Gambit Accepted: 3 e3 and 3 e4} (10. a3 Bf5 11. Re1 a6 12. Be3 Qd7 13. d5 Ne5 14. Bf1 Nxf3+ 15. Qxf3 Rfe8 16. Bd4 Rxe1 17. Rxe1 Re8 18. Rxe8+ Nxe8 19. g4 {½-½ (33) Cori Tello,J (2659)-Hungaski,R (2510) Montevideo 2018}) 10... Na5 11. Bd3 Be6 12. Re1 {LiveBook: 13 Games} Bc4 13. Bxc4 $146 ({Predecessor:} 13. Bf5 Nc6 14. Qa4 Ne7 15. Qxc4 Nxf5 16. Ne5 c6 17. Bf4 Qc7 {½-½ (30) Gundavaa,B (2519)-Godena,M (2516) Istanbul 2012}) 13... Nxc4 14. Ne5 Nb6 15. Bf4 c6 16. Bg3 Nbd5 17. Bh4 {Hoping for Nxd5.} Qc7 18. Rac1 Rfe8 19. Bxf6 Nxf6 20. Nb5 Qd8 21. Nxd6 Qxd6 22. Qc5 Qd5 (22... Qd8 {is more complex.} 23. Qc4 Qd5 24. Qb4 Rab8 25. a4 Red8) 23. Ng4 {The position is equal.} Nxg4 24. Qxd5 cxd5 25. hxg4 Rxe1+ 26. Rxe1 $11 {[%mdl 4096] Endgame KR-KR} Rc8 27. Re7 Rc1+ 28. Kh2 Rc2 29. Rxb7 Rxf2 30. a4 Rd2 31. Rxa7 Rxb2 32. Ra5 Rb4 33. Rxd5 {Precision: White = 60%, Black = 78%.} 1/2-1/2

[Event "16th Spilimbergo Open 2018"]
[Site "Spilimbergo"]
[Date "2018.08.14"]
[Round "7.10"]
[White "Lodici, Lorenzo"]
[Black "Aghayev, Miragha"]
[Result "1/2-1/2"]
[WhiteElo "2447"]
[BlackElo "2424"]
[Annotator "TA"]
[PlyCount "35"]
[EventDate "2018.08.10"]
[EventType "swiss"]
[EventCountry "ITA"]
[SourceTitle "playchess.com"]
[Source "ChessBase"]
[SourceQuality "1"]

{[%evp 19,35,6,14,0,5,3,8,-4,-10,-13,-13,-30,-17,-2,0,-24,0,0]} 1. d4 Nf6 2. c4 e6 3. Nc3 Bb4 4. Qc2 c5 5. dxc5 O-O 6. Nf3 Na6 {[%cal Bb8a6,Ba6c5,Bc5e4][%mdl 32]} 7. g3 Nxc5 8. Bg2 Nce4 9. O-O Bxc3 {E39: Nimzo-Indian: Classical: 4...c5 5 dxc5 0-0} (9... Nxc3 10. bxc3 Be7 11. e4 d6 12. e5 dxe5 13. Nxe5 Qc7 14. Qe2 Nd7 15. Bf4 Nxe5 16. Bxe5 Bd6 17. Rfe1 Rb8 18. Rad1 Bxe5 19. Qxe5 Qxe5 20. Rxe5 b6 21. c5 Ba6 22. c6 {½-½ (43) Nakamura,H (2781)-Caruana,F (2799) London 2017}) 10. bxc3 d5 {LiveBook: 7 Games} 11. Bf4 $146 ({Predecessor:} 11. Nd2 Nxd2 12. Bxd2 dxc4 13. Bg5 Qc7 14. Bxf6 gxf6 15. Rab1 Rb8 16. Rb5 e5 17. Qc1 {½-½ (29) Leenhouts,K (2483)-L'Ami,E (2636) Dieren 2018}) 11... Qa5 12. Rac1 b6 13. Ne5 Ba6 14. cxd5 exd5 15. Bh3 Bc8 16. Bg2 $1 Ba6 17. Bh3 Bc8 18. Bg2 $1 1/2-1/2

[Event "16th Spilimbergo Open 2018"]
[Site "Spilimbergo"]
[Date "2018.08.14"]
[Round "7.11"]
[White "Alonso Garcia, Rene Marcial"]
[Black "Morozov, Nichita"]
[Result "0-1"]
[WhiteElo "2344"]
[BlackElo "2438"]
[Annotator "TA"]
[PlyCount "68"]
[EventDate "2018.08.10"]
[EventType "swiss"]
[EventCountry "ITA"]
[SourceTitle "playchess.com"]
[Source "ChessBase"]
[SourceQuality "1"]

{[%evp 18,67,23,19,25,28,37,39,35,32,57,65,68,68,53,63,70,64,63,54,56,-34,72,0,0,0,-9,-200,-215,-243,-251,-249,-213,-587,-581,-565,-544,-539,-510,-677,-725,-725,-666,-716,-705,-682,-514,-525,-588,-592,-571,-29999]} 1. d4 Nf6 2. Nf3 e6 3. c4 b6 4. a3 Bb7 5. Nc3 d5 6. cxd5 exd5 7. Bg5 Be7 8. Qa4+ c6 9. e3 Nbd7 {E12: Queen's Indian: Unusual White 4th moves, 4 a3, 4 Nc3 Bb7 5 a3 and 4 Nc3 Bb7} 10. Bd3 {LiveBook: 16 Games} a5 $146 ({Predecessor:} 10... h6 11. Bf4 O-O 12. Rd1 Re8 13. O-O Bf8 14. Bb1 g6 15. h3 Bg7 16. Rfe1 Re6 17. Bh2 {½-½ (58) Vorobiov,E (2574)-Polak,T (2519) Czech Republic 2016}) 11. Qc2 Nf8 {White has an edge.} 12. O-O Ne6 13. Bh4 Nd7 14. Bxe7 Qxe7 15. Rfe1 g6 16. e4 O-O 17. exd5 cxd5 {[%cal Bc6d5,Bd5d4][%mdl 32]} 18. Qd2 Rfd8 19. Ne5 (19. Qe3 $14) 19... Nf6 (19... Nxe5 $15 {stays ahead.} 20. dxe5 Nc5) 20. f3 (20. Qe3 $16) 20... Nxd4 $11 {White must now prevent ...Nb3.} 21. Qf2 Ne6 $1 {[%cal Bd4e6,Be6d4,Bd4c2][%mdl 32]} 22. Qxb6 $2 (22. Na4 $11 {and White has nothing to worry.}) 22... d4 $19 23. Na4 Nd5 24. Qb3 Ne3 25. Rxe3 $2 (25. Bc4 {was the crucial defense.} Qg5 26. Ng4) 25... dxe3 26. Bc4 Nd4 27. Qxe3 Nc2 $1 {[%csl LRa1,LRe3]} 28. Qc3 Nxa1 29. Bxf7+ Kf8 30. Nc5 {[#] Threatens to win with Ne6+.} Bd5 31. Bxg6 Qg7 32. Be4 Kg8 33. f4 Rac8 {[#] And now ...Bxe4 would win.} 34. Bf5 Qxg2# {Precision: White = 43%, Black = 51%.} 0-1

[Event "16th Spilimbergo Open 2018"]
[Site "Spilimbergo"]
[Date "2018.08.14"]
[Round "7.12"]
[White "Altini, Nicola"]
[Black "Akshay, Krishna R"]
[Result "0-1"]
[WhiteElo "2425"]
[BlackElo "1445"]
[Annotator "ChessBase"]
[PlyCount "104"]
[EventDate "2018.08.10"]
[EventType "swiss"]
[EventCountry "ITA"]
[SourceTitle "playchess.com"]
[Source "ChessBase"]
[SourceQuality "1"]
[TimeControl "5400+30"]

1. d4 {[%emt 0:00:30]} Nf6 {[%emt 0:00:30]} 2. c4 {[%emt 0:00:00]} d6 {[%emt 0:00:00]} 3. Nf3 {[%emt 0:00:00]} Nbd7 {[%emt 0:00:00]} 4. Nc3 {[%emt 0:00:30]} e5 {[%emt 0:00:00]} 5. e4 {[%emt 0:00:30]} Be7 {[%emt 0:00:00]} 6. Be2 {[%emt 0:00:30]} O-O {[%emt 0:00:30]} 7. O-O {[%emt 0:00:30]} c6 {[%emt 0:00:00]} 8. d5 {[%emt 0:11:30]} c5 {[%emt 0:00:00]} 9. Ne1 {[%emt 0:00:30]} a6 {[%emt 0:02:30]} 10. a4 {[%emt 0:01:30]} Ne8 {[%emt 0:01:30]} 11. a5 {[%emt 0:01:30]} g6 {[%emt 0:00:30]} 12. Nd3 {[%emt 0:07:30]} f5 {[%emt 0:02:30]} 13. f4 {[%emt 0:04:30]} Ng7 {[%emt 0:03:30]} 14. fxe5 {[%emt 0:05:30]} dxe5 {[%emt 0:00:30]} 15. exf5 {[%emt 0:05:30]} gxf5 {[%emt 0:00:30]} 16. g4 {[%emt 0:06:30]} e4 {[%emt 0:03:30]} 17. Nf4 {[%emt 0:05:30]} Ne5 {[%emt 0:00:30]} 18. d6 {[%emt 0:15:30]} Bxd6 {[%emt 0:14:30]} 19. Qd5+ {[%emt 0:03:30]} Kh8 {[%emt 0:00:00]} 20. gxf5 {[%emt 0:04:30]} Bxf5 {[%emt 0:11:00]} 21. Nxe4 {[%emt 0:01:30]} Bc7 {[%emt 0:02:30]} 22. Qxd8 {[%emt 0:01:30]} Raxd8 {[%emt 0:01:30]} 23. Nxc5 {[%emt 0:04:11]} Rg8 {[%emt 0:00:30]} 24. Kf2 {[%emt 0:00:52]} Ng4+ {[%emt 0:02:30]} 25. Bxg4 {[%emt 0:00:34]} Bxg4 {[%emt 0:00:30]} 26. h3 {[%emt 0:08:50]} Bc8 {[%emt 0:01:30]} 27. Ra3 {[%emt 0:03:09]} Rd4 {[%emt 0:03:30]} 28. Ncd3 {[%emt 0:01:58]} Rxc4 {[%emt 0:01:30]} 29. Bd2 {[%emt 0:00:26]} Rf8 {[%emt 0:02:30]} 30. Ke1 {[%emt 0:01:38]} Kg8 {[%emt 0:04:30]} 31. Rg1 {[%emt 0:04:00]} Bxf4 {[%emt 0:06:30]} 32. Nxf4 {[%emt 0:00:03]} Rcxf4 {[%emt 0:00:30]} 33. Bxf4 {[%emt 0:00:33]} Rxf4 {[%emt 0:00:30]} 34. Rc3 {[%emt 0:00:54]} Be6 {[%emt 0:00:30]} 35. Kd2 {[%emt 0:00:33]} h5 {[%emt 0:03:30]} 36. Ke3 {[%emt 0:00:40]} Rf7 {[%emt 0:00:30]} 37. Kd4 {[%emt 0:00:15]} Kh7 {[%emt 0:00:30]} 38. Ke5 {[%emt 0:00:10]} Rf5+ {[%emt 0:04:30]} 39. Kd6 {[%emt 0:00:00]} Rxa5 {[%emt 0:00:30]} 40. Rc7 {[%emt 0:01:01]} Rd5+ {[%emt 0:00:00]} 41. Ke7 {[%emt 0:00:01]} Bxh3 {[%emt 0:00:00]} 42. Rxb7 {[%emt 0:00:51]} Bg4 {[%emt 0:03:30]} 43. Ra7 {[%emt 0:00:11]} a5 {[%emt 0:05:30]} 44. b3 {[%emt 0:01:20]} Kh6 {[%emt 0:00:30]} 45. Ra1 {[%emt 0:00:24]} h4 {[%emt 0:01:30]} 46. R7xa5 {[%emt 0:00:52]} Rxa5 {[%emt 0:00:30]} 47. Rxa5 {[%emt 0:00:00]} h3 {[%emt 0:00:30]} 48. Ra2 {[%emt 0:00:28]} Nf5+ {[%emt 0:04:00]} 49. Kf6 {[%emt 0:00:01]} Nd4 {[%emt 0:02:26]} 50. Ke5 {[%emt 0:01:34]} Ne2 {[%emt 0:00:39]} 51. Ra1 {[%emt 0:00:23]} Bf3 {[%emt 0:00:27]} 52. Rf1 {[%emt 0:00:36]} h2 {[%emt 0:00:46]} 0-1